Learning Architecture (Record no. 99775)

MARC details
000 -LEADER
fixed length control field 00463nam a22001817a 4500
005 - DATE AND TIME OF LATEST TRANSACTION
control field 20230313105953.0
008 - FIXED-LENGTH DATA ELEMENTS--GENERAL INFORMATION
fixed length control field 230313b |||||||| |||| 00| 0 eng d
020 ## - INTERNATIONAL STANDARD BOOK NUMBER
International Standard Book Number 9788190 852838
041 ## - LANGUAGE CODE
Language code of text/sound track or separate title eng
082 ## - DEWEY DECIMAL CLASSIFICATION NUMBER
Classification number 720.7
Item number JAI
100 ## - MAIN ENTRY--PERSONAL NAME
Author JAin K ed.
245 ## - TITLE STATEMENT
Title Learning Architecture
260 ## - PUBLICATION, DISTRIBUTION, ETC.
Place of publication, distribution, etc. Aadi Centre
Name of publisher, distributor, etc. Ahmedabad
Date of publication, distribution, etc. 2019
300 ## - PHYSICAL DESCRIPTION
Extent 230p
Other physical details Hb
Dimensions 24.5 x 18.5
365 ## - TRADE PRICE
Price type code INR
Price amount 2500.00
Currency code Rupaye
942 ## - ADDED ENTRY ELEMENTS (KOHA)
Koha item type Books
Holdings
Withdrawn status Lost status Source of classification or shelving scheme Damaged status Not for loan Collection code Home library Current library Date acquired Vendor Net Price Bill number Full call number Barcode Date last seen Discount Actual Price Bill Date Koha item type Original Barcode
    Dewey Decimal Classification     Book of Digital Architecture Dr. Bhanuben Nanavati College of Architecture Dr. Bhanuben Nanavati College of Architecture 13/03/2023 Mozeb books 1750.00 4601 720.7 JAI BNCA-BK-12188 13/03/2023 1 2500.00   Reference book B12188